[Event "III Open Alfa Lum"]
[Site "Cagliari ITA"]
[Date "2012.09.01"]
[Round "3"]
[White "Giordano, Giulia"]
[Black "Corona, Danilo"]
[Result "0-1"]
[WhiteElo "1583"]
[BlackElo "1711"]
[PlyCount "156"]
[EventDate "2012.08.31"]

1. d4 d5 2. Nf3 Nc6 3. e3 Bg4 4. Be2 Nf6 5. Ne5 Bxe2 6. Qxe2 Nxe5 7. dxe5 Ne4
8. f3 Nc5 9. Qb5+ Nd7 10. Qxd5 e6 11. Qd4 Bc5 12. Qg4 O-O 13. f4 Qe7 14. O-O f5
15. Qh5 g6 16. Qh6 Rf7 17. a3 Qe8 18. b4 Bf8 19. Qh3 Rg7 20. Nc3 g5 21. e4 g4
22. Qg3 Qg6 23. Re1 a5 24. Bb2 axb4 25. axb4 Rxa1 26. Rxa1 fxe4 27. Qe3 h5 28.
Qxe4 Qxe4 29. Nxe4 Bxb4 30. f5 Kf7 31. f6 Rg8 32. Rd1 Nb6 33. Rd4 Ba5 34. Bc1
Nd5 35. Rd3 b5 36. Ng5+ Rxg5 37. Bxg5 Bc3 38. h3 Bxe5 39. hxg4 hxg4 40. Rb3 b4
41. Kf1 Bxf6 42. Bxf6 Kxf6 43. Kf2 c5 44. Kg3 Kf5 45. Rd3 Ke4 46. Rd1 Ne3 47.
Re1 Kd4 48. Re2 c4 49. Kf4 e5+ 50. Kg3 b3 51. cxb3 cxb3 52. Kf2 Nc2 53. Rd2+
Kc3 54. Rd1 b2 55. Ke2 Nd4+ 56. Ke1 Nb3 57. Rb1 Kc2 58. Rxb2+ Kxb2 59. Ke2 Kc3
60. Ke3 Nd2 61. Ke2 e4 62. Ke3 Kc2 63. g3 Kc3 64. Ke2 Nf1 65. Ke1 Kd3 66. Kd1
e3 67. Ke1 Nxg3 68. Kd1 Ne4 69. Ke1 Nf2 70. Kf1 Kd2 71. Kg2 e2 72. Kxf2 e1=Q+
73. Kg2 Qe4+ 74. Kg3 Qf3+ 75. Kh4 Ke3 76. Kg5 Ke4 77. Kh4 Kf5 78. Kh5 Qh3# 0-1

[Event "III Open Alfa Lum"]
[Site "Cagliari ITA"]
[Date "2012.09.01"]
[Round "3"]
[White "Mannino, Giacomo"]
[Black "Cotza, Massimiliano"]
[Result "1-0"]
[WhiteElo "1660"]
[BlackElo "1500"]
[PlyCount "103"]
[EventDate "2012.08.31"]

1. d4 Nf6 2. Nf3 e6 3. e3 b6 4. Bd3 Bb7 5. Nbd2 Be7 6. O-O d6 7. e4 O-O 8. c3
Nbd7 9. Re1 c5 10. e5 dxe5 11. dxc5 Nxc5 12. Bc2 e4 13. Ng5 e3 14. Rxe3 Qd5 15.
Ngf3 Rad8 16. Re5 Qd7 17. Nd4 Bd6 18. Re3 Bf4 19. Re1 Rfe8 20. N2f3 Bxc1 21.
Rxc1 Qc7 22. Ne5 Ncd7 23. Nxd7 Rxd7 24. Ba4 Red8 25. Bxd7 Rxd7 26. Qe2 a6 27.
Rcd1 b5 28. Nf3 Bd5 29. Ne5 Rd8 30. a3 Rc8 31. Nd3 Qb7 32. f3 Bc4 33. Qe5 h6
34. Nb4 Qa7+ 35. Kh1 Rc5 36. Qd6 a5 37. Nc6 Rxc6 38. Qxc6 Nd5 39. Rd4 a4 40.
Qd6 Bb3 41. h3 Bc4 42. Ree4 Nf6 43. Rh4 Bd5 44. Qg3 Kf8 45. Qf4 Qe7 46. Qb8+
Ne8 47. Rhg4 Qc7 48. Qxb5 Bc6 49. Qc5+ Kg8 50. Rc4 Nf6 51. Rgf4 Nd5 52. Rfd4
1-0

[Event "III Open Alfa Lum"]
[Site "Cagliari ITA"]
[Date "2012.09.01"]
[Round "3"]
[White "Corona, Rafaele"]
[Black "Pistis, Laura"]
[Result "1-0"]
[WhiteElo "1634"]
[BlackElo "1335"]
[PlyCount "63"]
[EventDate "2012.08.31"]

1. e4 e5 2. Nf3 d5 3. Nxe5 Bd6 4. Ng4 dxe4 5. Be2 Nc6 6. Nc3 Nge7 7. Nxe4 f5 8.
Nxd6+ Qxd6 9. Ne3 O-O 10. O-O f4 11. Nc4 Qg6 12. Bh5 Qg5 13. d3 Bh3 14. Bf3 Nd4
15. Kh1 Nef5 16. gxh3 Nxf3 17. Qxf3 Nh4 18. Qg4 Qd5+ 19. f3 Ng6 20. Bd2 Rf5 21.
Rae1 h5 22. Qxg6 Rf6 23. Re8+ Rxe8 24. Qxe8+ Rf8 25. Qe5 Qf7 26. Rg1 g6 27. Bc3
Qh7 28. Qe6+ Rf7 29. Rxg6+ Kf8 30. Bb4+ Re7 31. Rg8+ Qxg8 32. Qxe7# 1-0

[Event "III Open Alfa Lum"]
[Site "Cagliari ITA"]
[Date "2012.09.01"]
[Round "3"]
[White "Picciau, Marta"]
[Black "Marchionni, Daniele"]
[Result "1-0"]
[WhiteElo "1620"]
[BlackElo "1380"]
[PlyCount "63"]
[EventDate "2012.08.31"]

1. c4 e6 2. Nc3 Nf6 3. d4 d5 4. Bg5 Be7 5. e3 O-O 6. Bd3 c5 7. Nf3 Nc6 8. cxd5
exd5 9. dxc5 d4 10. Nxd4 Nxd4 11. exd4 Qxd4 12. Bxh7+ Kxh7 13. Qxd4 Rd8 14.
Qh4+ Kg8 15. O-O Be6 16. Rfe1 Rd7 17. Rad1 Rad8 18. h3 Bxc5 19. Bxf6 gxf6 20.
Qxf6 Be7 21. Qf3 Bb4 22. Rxd7 Rxd7 23. Qg3+ Kf8 24. a3 Bd6 25. Qe3 a6 26. Rc1
Bc7 27. Qh6+ Ke7 28. Rd1 Rxd1+ 29. Nxd1 b6 30. h4 Be5 31. Qg5+ Bf6 32. Qf4 1-0

[Event "III Open Alfa Lum"]
[Site "Cagliari ITA"]
[Date "2012.09.01"]
[Round "3"]
[White "Carucci, Bruno"]
[Black "Pes, Eleonora"]
[Result "0-1"]
[WhiteElo "1509"]
[BlackElo "1617"]
[PlyCount "94"]
[EventDate "2012.08.31"]

1. d4 d5 2. Bf4 e6 3. e3 c5 4. c3 Nc6 5. Nd2 Nf6 6. Bd3 Be7 7. h3 a6 8. Ngf3 b5
9. Ne5 Bb7 10. Ndf3 Rc8 11. Ng5 Nxe5 12. dxe5 Nd7 13. Nxe6 fxe6 14. Qh5+ Kf8
15. h4 Qe8 16. Qg4 Qf7 17. Rh3 Ke8 18. Rf3 d4 19. e4 Qg6 20. Qh3 Bxe4 21. Rg3
Qf5 22. Bxe4 Qxe4+ 23. Kf1 Qf5 24. Rg4 Nxe5 25. Bxe5 Qxe5 26. Re1 Qf5 27. Qg3
Rg8 28. Rf4 Qd5 29. Qg4 Rf8 30. Rfe4 Qf5 31. Qe2 Rc6 32. cxd4 cxd4 33. Rxd4 Rc2
34. Rd2 Rxd2 35. Qxd2 Bb4 36. Rxe6+ Qxe6 37. Qxb4 Qc4+ 38. Qxc4 bxc4 39. Ke2
Ke7 40. f3 Rb8 41. g4 Rxb2+ 42. Ke3 c3 43. a4 c2 44. Kd2 Ra2 45. h5 Rxa4 46.
Kxc2 Kf6 47. Kd3 Rb4 0-1

[Event "III Open Alfa Lum"]
[Site "Cagliari ITA"]
[Date "2012.09.01"]
[Round "3"]
[White "Porru, Giambattista"]
[Black "Pistis, Sofia"]
[Result "0-1"]
[WhiteElo "1637"]
[BlackElo "1474"]
[PlyCount "64"]
[EventDate "2012.08.31"]

1. Nf3 d5 2. d4 e6 3. g3 c5 4. c3 Nc6 5. Bg2 Nf6 6. O-O Bd6 7. Be3 O-O 8. dxc5
Bc7 9. Nd4 e5 10. Nb5 Bb8 11. b4 Be6 12. Nd6 Bxd6 13. cxd6 Qd7 14. f3 Bh3 15.
g4 Bxg2 16. Kxg2 Nxg4 17. fxg4 Qxg4+ 18. Kh1 Qe4+ 19. Rf3 d4 20. Nd2 Qd5 21.
Nf1 Rad8 22. Kg1 Rxd6 23. Bg5 Rg6 24. Rg3 e4 25. Bf4 Qf5 26. Rxg6 fxg6 27. Bg3
Ne5 28. Bxe5 Qxe5 29. cxd4 Qg5+ 30. Ng3 e3 31. Qb3+ Kh8 32. Qxe3 Qxe3+ 0-1

[Event "III Open Alfa Lum"]
[Site "Cagliari ITA"]
[Date "2012.09.01"]
[Round "3"]
[White "Garau, Francesca"]
[Black "Saba, Gloria"]
[Result "1-0"]
[WhiteElo "1542"]
[BlackElo "1527"]
[PlyCount "111"]
[EventDate "2012.08.31"]

1. d4 d5 2. Bf4 e6 3. e3 Nf6 4. Bd3 Bd6 5. Bxd6 Qxd6 6. Nf3 Nbd7 7. O-O O-O 8.
Nbd2 e5 9. c3 e4 10. Be2 exf3 11. Nxf3 Ne4 12. Qd3 Re8 13. h3 c5 14. Rad1 c4
15. Qc2 b5 16. Nd2 Ndf6 17. f3 Ng3 18. Rfe1 Nxe2+ 19. Rxe2 Nh5 20. Nf1 Ng3 21.
Nxg3 Qxg3 22. Kf1 Re6 23. e4 Bb7 24. exd5 Rxe2 25. Qxe2 Bxd5 26. Re1 Kf8 27.
Qc2 g6 28. Qe2 Bc6 29. Qe7+ Kg8 30. Qe5 Qh4 31. d5 Re8 32. Qxe8+ Bxe8 33. Rxe8+
Kg7 34. d6 f5 35. d7 Kf7 36. d8=Q Qxd8 37. Rxd8 Ke7 38. Rd1 Ke6 39. g3 h5 40.
Rd4 Ke5 41. Rh4 g5 42. Rxh5 Ke6 43. h4 g4 44. fxg4 fxg4 45. Rg5 Kf7 46. h5 Kf6
47. Rg6+ Kf7 48. Ke2 Kf8 49. h6 Kf7 50. Rxg4 Kf6 51. Kf3 Kf7 52. h7 Kf8 53.
h8=Q+ Ke7 54. Qh6 Kd7 55. Rg7+ Ke8 56. Qh8# 1-0

[Event "III Open Alfa Lum"]
[Site "Cagliari ITA"]
[Date "2012.09.01"]
[Round "4"]
[White "Sanna, Yuri"]
[Black "Caglio, Luigi"]
[Result "0-1"]
[WhiteElo "1811"]
[BlackElo "2073"]
[PlyCount "101"]
[EventDate "2012.08.31"]

1. d4 Nf6 2. Nf3 g6 3. Bg5 Bg7 4. Nbd2 d5 5. e3 O-O 6. Bd3 Nbd7 7. O-O b6 8.
Qe2 c5 9. c3 Bb7 10. Ba6 Qc8 11. Bxb7 Qxb7 12. Rfe1 e6 13. e4 cxd4 14. Nxd4 Nc5
15. exd5 Nxd5 16. N2b3 Nxb3 17. Nxb3 Rac8 18. Qf3 b5 19. Rad1 Qc7 20. a3 a6 21.
Nd4 h6 22. Bc1 Nb6 23. Qh3 h5 24. Re4 e5 25. Nf3 f5 26. Ree1 Rce8 27. Qg3 Re6
28. Nd4 Rd6 29. Rxe5 Bxe5 30. Qxe5 Nc4 31. Qg3 Qf7 32. f4 Re8 33. h3 Rdd8 34.
Qg5 Rd5 35. Kh2 Nd6 36. Rd3 Ne4 37. Qh4 Rd6 38. Kg1 a5 39. g4 fxg4 40. hxg4 Qe7
41. Qh3 hxg4 42. Qxg4 Qf6 43. f5 Nc5 44. Rf3 Re1+ 45. Kg2 Rxc1 46. fxg6 Qxg6
47. Rg3 Qxg4 48. Rxg4+ Kf7 49. Rg7+ Kxg7 50. Nf5+ Kg6 51. Nxd6 0-1

[Event "III Open Alfa Lum"]
[Site "Cagliari ITA"]
[Date "2012.09.01"]
[Round "4"]
[White "Palmas, Alessandro"]
[Black "Massa, Gianluca"]
[Result "1-0"]
[WhiteElo "1825"]
[BlackElo "1645"]
[PlyCount "69"]
[EventDate "2012.08.31"]

1. d4 Nf6 2. c4 c5 3. d5 e6 4. Nc3 exd5 5. cxd5 d6 6. e4 g6 7. f4 Bg7 8. Nf3
O-O 9. Bd3 Re8 10. O-O Na6 11. Re1 Nc7 12. h3 a6 13. a4 b6 14. Nd2 Rb8 15. Nc4
b5 16. axb5 axb5 17. Nxd6 Qxd6 18. e5 Qe7 19. d6 Qd7 20. dxc7 Qxc7 21. exf6
Rxe1+ 22. Qxe1 Bxf6 23. Nxb5 Qd7 24. Ra7 Qd8 25. Bc4 Bb7 26. Qd2 Bd4+ 27. Nxd4
cxd4 28. Qa5 Qd7 29. Qe5 Rc8 30. b3 Qc6 31. Rxb7 Qxb7 32. Qxd4 Kf8 33. Ba3+ Ke8
34. Qd6 Qa7+ 35. Kh2 1-0

[Event "III Open Alfa Lum"]
[Site "Cagliari ITA"]
[Date "2012.09.01"]
[Round "4"]
[White "Mallo', Danilo"]
[Black "Sonis, Francesco"]
[Result "1/2-1/2"]
[WhiteElo "1926"]
[BlackElo "1491"]
[PlyCount "108"]
[EventDate "2012.08.31"]

1. d4 Nf6 2. c4 g6 3. Nf3 Bg7 4. Nc3 d6 5. g3 Na6 6. Bg2 O-O 7. O-O Bd7 8. Ng5
Rb8 9. Re1 h6 10. Nge4 Nxe4 11. Nxe4 Bc6 12. Be3 f5 13. d5 fxe4 14. dxc6 bxc6
15. Bd4 e5 16. Bc3 d5 17. Qa4 Qc8 18. Qxc6 d4 19. Bd2 Rxb2 20. Rad1 Rb6 21.
Qxe4 Kh7 22. Qh4 Rbf6 23. Rf1 Nc5 24. Bb4 Ne6 25. Bxf8 Qxf8 26. Qe4 Qc5 27. Qd3
Qa5 28. Qd2 Qxd2 29. Rxd2 Nc5 30. Rb1 a6 31. Rb8 Rd6 32. Rc8 Rd7 33. Rb2 e4 34.
Bh3 Re7 35. Rd2 d3 36. exd3 exd3 37. Rd8 Bc3 38. R2xd3 Nxd3 39. Rxd3 Bb4 40.
Bg4 Bc5 41. Rd5 Ba7 42. Bc8 Rf7 43. Bxa6 Rxf2 44. c5 Rxa2 45. Rd7+ Kh8 46. Bd3
Bxc5+ 47. Kh1 Rd2 48. Rxc7 Rxd3 49. Rxc5 Rf3 50. Rc7 h5 51. Kg2 Ra3 52. Kh3 Ra4
53. Rf7 Kg8 54. Rd7 Rb4 1/2-1/2

[Event "III Open Alfa Lum"]
[Site "Cagliari ITA"]
[Date "2012.09.01"]
[Round "4"]
[White "Boi, Fausto"]
[Black "Corona, Rafaele"]
[Result "0-1"]
[WhiteElo "1784"]
[BlackElo "1634"]
[PlyCount "44"]
[EventDate "2012.08.31"]

1. e4 d5 2. e5 Bf5 3. d4 e6 4. Bd3 Ne7 5. Bg5 Bxd3 6. Qxd3 Qd7 7. f4 c5 8. c3
Nbc6 9. dxc5 Ng6 10. Qe3 h6 11. f5 Ngxe5 12. fxe6 Qxe6 13. Bf4 Bxc5 14. Qg3
Nd3+ 15. Kd2 Nxb2 16. Na3 O-O 17. Re1 Qf6 18. Nc2 d4 19. cxd4 Bxd4 20. Ne2 Rfd8
21. Kc1 Nd3+ 22. Kb1 Bf2 0-1

[Event "III Open Alfa Lum"]
[Site "Cagliari ITA"]
[Date "2012.09.01"]
[Round "4"]
[White "Corona, Danilo"]
[Black "Picciau, Marta"]
[Result "1/2-1/2"]
[WhiteElo "1711"]
[BlackElo "1620"]
[PlyCount "85"]
[EventDate "2012.08.31"]

1. e4 e6 2. d4 d5 3. exd5 exd5 4. Nf3 Bd6 5. Bd3 Nf6 6. Bg5 Bg4 7. Nbd2 O-O 8.
O-O Nbd7 9. c3 c6 10. Qc2 Qc7 11. h3 Bh5 12. Nh4 Bg6 13. Nf5 h6 14. Be3 Nh5 15.
Nf3 Kh8 16. N3h4 Bh7 17. Nxd6 Bxd3 18. Qxd3 Qxd6 19. Nf5 Nf4 20. Qc2 Qc7 21.
Qd1 Nf6 22. Qf3 Ng6 23. g3 Ne4 24. Qh5 Nf6 25. Qf3 Ne4 26. Rfe1 Qd7 27. Kg2
Rae8 28. Rad1 Qe6 29. Bc1 Qf6 30. Re2 Re6 31. Qh5 Rfe8 32. Rde1 Ne7 33. Nxe7
R8xe7 34. f3 Nd6 35. Rxe6 Rxe6 36. Rxe6 Qxe6 37. Kf2 Kg8 38. Qh4 Nf5 39. Qf4
Nd6 40. Bd2 Nc4 41. Bc1 Nd6 42. Bd2 Nc4 43. Bc1 1/2-1/2

[Event "III Open Alfa Lum"]
[Site "Cagliari ITA"]
[Date "2012.09.01"]
[Round "4"]
[White "Mannino, Giacomo"]
[Black "Dessy, Eugenio"]
[Result "1-0"]
[WhiteElo "1660"]
[BlackElo "1658"]
[PlyCount "47"]
[EventDate "2012.08.31"]

1. d4 Nf6 2. Nf3 g6 3. e3 Bg7 4. Bd3 O-O 5. O-O d6 6. e4 Bg4 7. c3 Nc6 8. h3
Bd7 9. Bf4 Nh5 10. Bh2 e5 11. dxe5 dxe5 12. Bc2 Qe7 13. Nbd2 Rad8 14. Qe2 Nf4
15. Qe3 Bh6 16. Kh1 Rfe8 17. g3 Bxh3 18. gxf4 Bxf1 19. Rxf1 exf4 20. Bxf4 Bg7
21. Kg2 Qd7 22. Rh1 f5 23. Bb3+ Kh8 24. Ng5 1-0

[Event "III Open Alfa Lum"]
[Site "Cagliari ITA"]
[Date "2012.09.01"]
[Round "4"]
[White "Pes, Eleonora"]
[Black "Onnis, Luca"]
[Result "1-0"]
[WhiteElo "1617"]
[BlackElo "1461"]
[PlyCount "31"]
[EventDate "2012.08.31"]

1. e4 e5 2. Nf3 Nc6 3. d4 exd4 4. c3 d6 5. cxd4 Bg4 6. Bc4 h6 7. Nc3 Nf6 8. Qb3
Bh5 9. Qxb7 Na5 10. Qb5+ c6 11. Qa4 Qb6 12. Be2 Nb7 13. Be3 Qc7 14. d5 Nd8 15.
dxc6 Qxc6 16. Bb5 1-0

[Event "III Open Alfa Lum"]
[Site "Cagliari ITA"]
[Date "2012.09.01"]
[Round "4"]
[White "Pistis, Sofia"]
[Black "Giordano, Giulia"]
[Result "1/2-1/2"]
[WhiteElo "1474"]
[BlackElo "1583"]
[PlyCount "119"]
[EventDate "2012.08.31"]

1. e4 c5 2. Nf3 Nc6 3. d4 cxd4 4. Nxd4 Nf6 5. Nc3 e5 6. Nxc6 bxc6 7. Bc4 Bb4 8.
Bd2 O-O 9. a3 Bxc3 10. Bxc3 d5 11. exd5 cxd5 12. Be2 d4 13. Bb4 Re8 14. O-O Nd5
15. Bc4 Bb7 16. Qf3 Re6 17. Rfe1 Rc8 18. Bd3 Qc7 19. Qh3 Rh6 20. Qg3 a5 21. Bd2
Nf4 22. Bxf4 exf4 23. Qg4 f3 24. g3 Rd8 25. Rac1 Rf6 26. c3 Bc8 27. Qe4 Kf8 28.
cxd4 Qd7 29. Qxh7 Rh6 30. Qf5 Qxf5 31. Bxf5 Bxf5 32. Rcd1 Bh3 33. d5 Bg2 34.
Re4 g5 35. Rg4 Rg6 36. b4 f5 37. Rgd4 Rgd6 38. b5 Rb8 39. a4 Rbd8 40. R1d2 Re8
41. Rd1 Re2 42. Rb1 Ke8 43. Rdd1 Kd7 44. b6 Rxb6 45. Rxb6 Ra2 46. d6 Rxa4 47.
Rbb1 Rb4 48. Rbc1 Rb7 49. Rc3 a4 50. Re3 Kd8 51. Re6 a3 52. d7 Rxd7 53. Rxd7+
Kxd7 54. Ra6 Bh3 55. Rxa3 g4 56. Re3 Kd6 57. Re1 Kd5 58. Re3 Kd6 59. Re1 Kd5
60. Re3 1/2-1/2

[Event "III Open Alfa Lum"]
[Site "Cagliari ITA"]
[Date "2012.09.01"]
[Round "4"]
[White "Marchionni, Daniele"]
[Black "Garau, Francesca"]
[Result "1/2-1/2"]
[WhiteElo "1380"]
[BlackElo "1542"]
[PlyCount "79"]
[EventDate "2012.08.31"]

1. e4 d5 2. exd5 Qxd5 3. Nc3 Qa5 4. d4 Bf5 5. Nf3 Nf6 6. Be2 e6 7. O-O Bd6 8.
a3 O-O 9. b4 Qb6 10. Be3 c6 11. g3 Nbd7 12. Re1 Rfe8 13. Nh4 Bg4 14. Bxg4 Nxg4
15. Qxg4 Nf6 16. Qd1 Rad8 17. Qf3 h6 18. d5 Qc7 19. Bxh6 Be5 20. Bd2 cxd5 21.
Rac1 d4 22. Ne4 Qc6 23. Nxf6+ Bxf6 24. Qxc6 bxc6 25. f3 g5 26. Ng2 Rd5 27. c4
dxc3 28. Bxc3 e5 29. Ne3 Rd3 30. Kf2 Rd6 31. Red1 Rde6 32. Re1 Kg7 33. f4 gxf4
34. gxf4 exf4 35. Ng2 Bxc3 36. Rxc3 Re4 37. Rxe4 Rxe4 38. Rxc6 f6 39. Kf3 Rd4
40. Rc3 1/2-1/2

[Event "III Open Alfa Lum"]
[Site "Cagliari ITA"]
[Date "2012.09.01"]
[Round "4"]
[White "Cotza, Massimiliano"]
[Black "Cuccu, Giovanni"]
[Result "1-0"]
[WhiteElo "1500"]
[BlackElo "1461"]
[PlyCount "69"]
[EventDate "2012.08.31"]

1. d4 d5 2. c4 Nf6 3. cxd5 Nxd5 4. e4 Nb6 5. Be3 Nc6 6. Bb5 Bd7 7. Nc3 a6 8.
Ba4 Nc4 9. Bc1 g6 10. Bb3 Be6 11. d5 Nb4 12. Bxc4 Bd7 13. a3 b5 14. Be2 Nc6 15.
dxc6 Bxc6 16. Nf3 Qc8 17. O-O Qe6 18. Re1 Bg7 19. Qc2 O-O 20. Bd3 f6 21. Bf4
Rac8 22. a4 Qg4 23. Bg3 Qh5 24. axb5 Bxb5 25. Qb3+ Kh8 26. Nxb5 axb5 27. Qxb5
Qxb5 28. Bxb5 Rb8 29. Ra5 Rb7 30. b3 Rfb8 31. Bc4 Bf8 32. Rea1 Rd8 33. Ra8 Rxa8
34. Rxa8 Kg7 35. Nd4 1-0

[Event "III Open Alfa Lum"]
[Site "Cagliari ITA"]
[Date "2012.09.01"]
[Round "4"]
[White "Pistis, Laura"]
[Black "Carucci, Bruno"]
[Result "0-1"]
[WhiteElo "1335"]
[BlackElo "1509"]
[PlyCount "58"]
[EventDate "2012.08.31"]

1. e4 Nf6 2. e5 Nd5 3. d4 d6 4. Bc4 e6 5. f4 Nb6 6. Bd3 dxe5 7. dxe5 Bb4+ 8.
Bd2 Nd5 9. Bxb4 Nxb4 10. Nf3 Nxd3+ 11. cxd3 O-O 12. O-O Nc6 13. d4 Nb4 14. Nc3
c6 15. Re1 Qb6 16. a3 Nd5 17. Nxd5 cxd5 18. Qc2 Bd7 19. Ng5 Qxd4+ 20. Kh1 g6
21. Rf1 Rac8 22. Qd1 Qxb2 23. Qg4 h5 24. Rfb1 Rc1+ 25. Rxc1 hxg4 26. Rcb1 Qc3
27. g3 Bc6 28. Re1 d4+ 29. Kg1 Qc2 0-1

[Event "III Open Alfa Lum"]
[Site "Cagliari ITA"]
[Date "2012.09.01"]
[Round "4"]
[White "Saba, Gloria"]
[Black "Porru, Giambattista"]
[Result "0-1"]
[WhiteElo "1527"]
[BlackElo "1637"]
[PlyCount "66"]
[EventDate "2012.08.31"]

1. e4 c5 2. Nf3 e6 3. c4 Nc6 4. Nc3 a6 5. g3 Nd4 6. d3 d6 7. Bg2 Nf6 8. Bg5 Be7
9. O-O O-O 10. Re1 Nd7 11. Bxe7 Qxe7 12. Nxd4 cxd4 13. Ne2 e5 14. h3 b5 15. b3
Rb8 16. Rb1 Bb7 17. f4 f5 18. Kh2 fxe4 19. Bxe4 Bxe4 20. dxe4 bxc4 21. bxc4
Rxb1 22. Qxb1 Nc5 23. Nc1 exf4 24. Nd3 fxg3+ 25. Kxg3 Qg5+ 26. Kh2 Nxd3 27. Rg1
Qf4+ 28. Kh1 Qxe4+ 29. Rg2 Nf2+ 30. Kh2 Qxb1 31. Kg3 Qd3+ 32. Kh2 Qxh3+ 33. Kg1
Qh1# 0-1

[Event "III Open Alfa Lum"]
[Site "Cagliari ITA"]
[Date "2012.09.02"]
[Round "5"]
[White "Caglio, Luigi"]
[Black "Palmas, Alessandro"]
[Result "1/2-1/2"]
[WhiteElo "2073"]
[BlackElo "1825"]
[PlyCount "42"]
[EventDate "2012.08.31"]

1. e4 e6 2. d4 d5 3. Nd2 Nf6 4. e5 Nfd7 5. Bd3 c5 6. c3 Nc6 7. Ne2 Qb6 8. Nf3
Be7 9. O-O O-O 10. Re1 Re8 11. b3 cxd4 12. cxd4 f6 13. exf6 Nxf6 14. Bb2 Bd6
15. Ne5 Rf8 16. Ng3 Bxe5 17. dxe5 Ne4 18. Nxe4 dxe4 19. Bxe4 Qxf2+ 20. Kh1 Qxb2
21. Qh5 g6 1/2-1/2

[Event "III Open Alfa Lum"]
[Site "Cagliari ITA"]
[Date "2012.09.02"]
[Round "5"]
[White "Sonis, Francesco"]
[Black "Sanna, Yuri"]
[Result "1/2-1/2"]
[WhiteElo "1491"]
[BlackElo "1811"]
[PlyCount "79"]
[EventDate "2012.08.31"]

1. e4 c5 2. Nc3 d6 3. f4 g5 4. d3 gxf4 5. Bxf4 Bg7 6. Qd2 Nc6 7. Nf3 h6 8. g3
Be6 9. Bg2 b5 10. O-O b4 11. Nd1 Qb6 12. Kh1 a5 13. Re1 a4 14. e5 d5 15. a3 Bg4
16. axb4 cxb4 17. Nf2 Bxf3 18. Bxf3 e6 19. Bg2 Nge7 20. Ng4 Ng8 21. Nf6+ Bxf6
22. exf6 Nxf6 23. Bxh6 Ng4 24. Be3 Rxh2+ 25. Kg1 d4 26. Bf2 Kd7 27. Qf4 Rxg2+
28. Kxg2 f5 29. Rxe6 Kxe6 30. Re1+ Ne3+ 31. Bxe3 dxe3 32. Rxe3+ Kd7 33. Qxf5+
Kc7 34. Qf7+ Kb8 35. Re8+ Nd8 36. Qd5 Ka7 37. Re7+ Nb7 38. Qd7 Qa6 39. Qd4+ Qb6
40. Qd7 1/2-1/2

[Event "III Open Alfa Lum"]
[Site "Cagliari ITA"]
[Date "2012.09.02"]
[Round "5"]
[White "Corona, Rafaele"]
[Black "Mannino, Giacomo"]
[Result "1-0"]
[WhiteElo "1634"]
[BlackElo "1660"]
[PlyCount "121"]
[EventDate "2012.08.31"]

1. e4 e5 2. Nf3 Nc6 3. Bc4 d6 4. c3 f5 5. Qb3 Nh6 6. d3 f4 7. d4 Qf6 8. Qa4 Bd7
9. Bb5 Be7 10. d5 Nb8 11. Bxd7+ Nxd7 12. Qb5 Rb8 13. Nbd2 a6 14. Qa4 Rd8 15.
Qc4 Nc5 16. b4 b5 17. Qe2 Nb7 18. a4 O-O 19. axb5 axb5 20. Qxb5 Rb8 21. Qe2
Rbc8 22. O-O c5 23. Ba3 cxb4 24. Bxb4 Nc5 25. Bxc5 Rxc5 26. c4 g5 27. h3 g4 28.
hxg4 Nxg4 29. Ra7 Kf7 30. Rfa1 Rg8 31. Rd7 Rcc8 32. Raa7 Rce8 33. c5 Qg6 34.
Ne1 Kf8 35. cxd6 Bxd6 36. Qxg4 Bc5 37. Qxg6 Rxg6 38. Rac7 Bb6 39. Rb7 Ba5 40.
Nef3 Rc8 41. Kf1 Ke8 42. Rxh7 Rc1+ 43. Ke2 Rg8 44. d6 Rc6 45. Rhe7+ Kd8 46.
Rb8+ Rc8 47. Rxc8+ Kxc8 48. Nxe5 Bb4 49. Rc7+ Kd8 50. Nc6+ Ke8 51. d7+ Kf7 52.
d8=Q+ Kg6 53. Qxg8+ Kf6 54. Rf7+ Ke6 55. Qe8+ Kd6 56. Rd7+ Kc5 57. Nxb4 Kxb4
58. Qc8 f3+ 59. Ke3 fxg2 60. Rb7+ Ka5 61. Qa8# 1-0

[Event "III Open Alfa Lum"]
[Site "Cagliari ITA"]
[Date "2012.09.02"]
[Round "5"]
[White "Picciau, Marta"]
[Black "Mallo', Danilo"]
[Result "0-1"]
[WhiteElo "1620"]
[BlackElo "1926"]
[PlyCount "102"]
[EventDate "2012.08.31"]

1. c4 Nf6 2. Nc3 g6 3. e4 d6 4. d4 Nbd7 5. Nf3 Bg7 6. h3 O-O 7. Be2 c5 8. Be3
b6 9. d5 h6 10. O-O Kh7 11. Qd2 Ne8 12. Ne1 g5 13. f4 gxf4 14. Bxf4 Ne5 15. Nf3
f5 16. Nxe5 dxe5 17. Bg3 f4 18. Bh4 Nd6 19. b3 Bf6 20. Be1 Rg8 21. Kh1 Qe8 22.
Bf3 Bd7 23. Qe2 Qc8 24. Kh2 Rg7 25. Rb1 Qa6 26. Rb2 Rag8 27. Rb1 Rg3 28. Bxg3
Rxg3 29. Rb2 Qc8 30. Bg4 Bxg4 31. hxg4 Rxg4 32. Kg1 Rg3 33. Rf3 Bh4 34. Rxg3
Bxg3 35. Qh5 Qa6 36. Qf3 Qa3 37. Qe2 Qb4 38. Rc2 Qa5 39. Nb1 Qa6 40. Nc3 Qc8
41. Qh5 a6 42. Qe2 Kg6 43. Kf1 b5 44. Qf3 Qd7 45. Ke2 Nf7 46. Rc1 Ng5 47. Qf1
Qg4+ 48. Kd3 h5 49. Ne2 Nxe4 50. Kxe4 Qf5+ 51. Kf3 e4# 0-1

[Event "III Open Alfa Lum"]
[Site "Cagliari ITA"]
[Date "2012.09.02"]
[Round "5"]
[White "Pes, Eleonora"]
[Black "Corona, Danilo"]
[Result "1-0"]
[WhiteElo "1617"]
[BlackElo "1711"]
[PlyCount "89"]
[EventDate "2012.08.31"]

1. e4 c5 2. d4 cxd4 3. c3 d5 4. exd5 Qxd5 5. cxd4 Nc6 6. Nf3 e5 7. Nc3 Bb4 8.
dxe5 Bxc3+ 9. bxc3 Qxd1+ 10. Kxd1 Bg4 11. Be2 Nge7 12. h3 Rd8+ 13. Ke1 Bxf3 14.
Bxf3 Nxe5 15. Bxb7 Nd3+ 16. Ke2 O-O 17. Be3 Rfe8 18. Ba6 Ne5 19. Bxa7 Ra8 20.
Bb5 N7c6 21. Be3 Ra5 22. a4 Rc8 23. Rhd1 Ne7 24. f4 N5c6 25. g4 g6 26. Rd7 Raa8
27. Rad1 Rd8 28. Bc5 Re8 29. Kf3 Kg7 30. Re1 Rac8 31. Bxe7 Nxe7 32. Rdxe7 Rxc3+
33. Kg2 Rc2+ 34. Kg3 Rxe7 35. Rxe7 Kf6 36. Re5 Rc7 37. a5 h6 38. a6 g5 39. Rf5+
Kg6 40. fxg5 hxg5 41. Rd5 f6 42. Rd7 Rc3+ 43. Kf2 Rxh3 44. a7 Ra3 45. Bc6 1-0

[Event "III Open Alfa Lum"]
[Site "Cagliari ITA"]
[Date "2012.09.02"]
[Round "5"]
[White "Altea, Alessandro"]
[Black "Cotza, Massimiliano"]
[Result "1-0"]
[WhiteElo "1854"]
[BlackElo "1500"]
[PlyCount "105"]
[EventDate "2012.08.31"]

1. e4 e5 2. Nc3 Nf6 3. Bc4 Nc6 4. d3 Be7 5. Be3 Na5 6. Bb3 Nxb3 7. axb3 b6 8.
Nf3 d6 9. h3 Bb7 10. O-O O-O 11. Qe2 a5 12. Rad1 Re8 13. Rfe1 Bf8 14. Nh2 d5
15. Bg5 Be7 16. Nf3 Nh5 17. Bxe7 Rxe7 18. exd5 Bxd5 19. Nxd5 Qxd5 20. Nxe5 Nf4
21. Qe4 Rae8 22. Qxd5 Nxd5 23. Nf3 Re2 24. Kf1 Nf4 25. Rxe2 Rxe2 26. Re1 Rxe1+
27. Nxe1 Nd5 28. g3 b5 29. Ke2 b4 30. Nf3 Nb6 31. Nd4 a4 32. bxa4 Nxa4 33. b3
Nc3+ 34. Kd2 c5 35. Ne2 Nb5 36. d4 cxd4 37. Kd3 Nc7 38. Nxd4 Na6 39. Kc4 Kf8
40. Kb5 Nc7+ 41. Kxb4 Ke7 42. Kc4 g6 43. b4 Kd7 44. b5 Na8 45. Kc5 Kc7 46. c4
Nb6 47. Kb4 Nd7 48. c5 f5 49. Ne6+ Kb8 50. b6 Kb7 51. Kb5 Ne5 52. c6+ Nxc6 53.
Nc5+ 1-0

[Event "III Open Alfa Lum"]
[Site "Cagliari ITA"]
[Date "2012.09.02"]
[Round "5"]
[White "Boi, Fausto"]
[Black "Pistis, Sofia"]
[Result "1-0"]
[WhiteElo "1784"]
[BlackElo "1474"]
[PlyCount "87"]
[EventDate "2012.08.31"]

1. e4 e5 2. d4 exd4 3. Qxd4 Nc6 4. Qe3 d6 5. Nc3 Nf6 6. a3 Be6 7. Bd2 d5 8.
exd5 Nxd5 9. Nxd5 Qxd5 10. Nf3 Bc5 11. Qd3 Qxd3 12. Bxd3 O-O-O 13. b4 Be7 14.
Ng5 Bxg5 15. Bxg5 Rd5 16. Be3 Bf5 17. Bc4 Rd7 18. Rc1 a6 19. O-O Ne5 20. Bb3
Re8 21. Ba4 b5 22. Bb3 Be6 23. Bxe6 Rxe6 24. Ra1 Nc4 25. Bc5 Nb6 26. c3 Na4 27.
Bd4 g6 28. g3 Red6 29. Rfc1 Rc6 30. h4 h5 31. Kg2 Kb7 32. Ra2 Rc4 33. Rd2 Rd6
34. f3 Kb8 35. Rdc2 Kb7 36. Kf2 Re6 37. Re2 Rec6 38. Rec2 Re6 39. g4 hxg4 40.
fxg4 Re4 41. Kf3 f5 42. gxf5 gxf5 43. Kg3 Kc6 44. h5 1-0

[Event "III Open Alfa Lum"]
[Site "Cagliari ITA"]
[Date "2012.09.02"]
[Round "5"]
[White "Carucci, Bruno"]
[Black "Dessy, Eugenio"]
[Result "1-0"]
[WhiteElo "1509"]
[BlackElo "1658"]
[PlyCount "53"]
[EventDate "2012.08.31"]

1. d4 Nf6 2. c4 g6 3. Nc3 Bg7 4. e4 d6 5. f3 O-O 6. Be3 e5 7. Nge2 exd4 8. Nxd4
Re8 9. Qd2 Nbd7 10. h4 a6 11. O-O-O c5 12. Nde2 Ne5 13. Nf4 b5 14. h5 g5 15.
Nfd5 h6 16. Nxf6+ Qxf6 17. Nd5 Qd8 18. Kb1 Nxc4 19. Bxc4 bxc4 20. Nc3 Rb8 21.
Bxc5 Qa5 22. Bd4 Bf8 23. Nd5 Qxd2 24. Nf6+ Kh8 25. Nxe8+ Kh7 26. Rxd2 Be6 27.
Nf6+ 1-0